Next 5 Words: Les Misérables Quiz Stats

Quiz Updated Dec 20, 2012

Challenge
Share
Tweet
Embed
Score 0/80 Timer 10:00
3 Plays Today
% Correct
a
97.1%
the
96.9%
the
96.9%
the
96.9%
the
96.9%
the
96.9%
on
93.7%
on
93.7%
And
93.6%
And
93.6%
And
93.6%
my
93.3%
my
93.3%
he
93%
I
92.6%
me
92.2%
me
92.2%
But
91.7%
But
91.7%
of
91.3%
of
91.3%
you
90.7%
you
90.7%
You
90.7%
there
89.5%
there
89.5%
there
89.5%
own
87.7%
castle
87.6%
cloud
87.4%
not
85.8%
beating
84.7%
only
83.4%
drums
82%
can
81.4%
there's
80.3%
with
79.8%
with
79.7%
much
79.5%
now
79.4%
% Correct
blood
78.6%
men
78.1%
that
77.9%
that
77.9%
hurt
77.8%
angry
77.7%
In
77.5%
has
75.4%
die
75.4%
ask
74.8%
twice
74.7%
go
74.5%
found
74.4%
was
73.7%
hardly
72%
at
72%
Empty
71.3%
empty
71.3%
chairs
71.3%
tables
71.2%
always
70.5%
here
69.6%
over
69.3%
until
69.1%
song
69%
have
68.4%
You're
68.3%
never
68%
What's
67.9%
matter
66.7%
been
66.5%
to
60.9%
exciting
59.5%
God's
59.3%
blessing
58.4%
harbor
57.1%
day
55%
One
54%
dying
49%
nearer
44.1%

You're not logged in!

Compare scores with friends on all Sporcle quizzes.
Join for Free
OR
Log In

You Might Also Like...

Show Comments

Extras

Top Quizzes Today


Score Distribution

Your Account Isn't Verified!

In order to create a playlist on Sporcle, you need to verify the email address you used during registration. Go to your Sporcle Settings to finish the process.

Report this User

Report this user for behavior that violates our Community Guidelines.

Details: